| 000 | 00484nam a2200181Ia 4500 | ||
|---|---|---|---|
| 005 | 20250508152553.0 | ||
| 008 | 008 250505s9999 xx 000 0 eng d | ||
| 037 | _aTextual | ||
| 040 |
_aFEDL _beng _cFEDL |
||
| 041 |
_aeng _2eng |
||
| 084 |
_a954, GOK _qFEDL |
||
| 100 | _aGokhale B G | ||
| 245 | 0 | _aMaking of the Indian nation | |
| 260 |
_aBombay, India _bAsia Publishing House _c1958 |
||
| 300 | _a355p. | ||
| 942 |
_cTEXL _h954, GOK |
||
| 999 |
_c1337317 _d1337317 |
||